Statistiken für Die größten Inseln Schottlands

Klicken Sie hier um das Quiz zu spielen!

Allgemein

  • Dieses Quiz wurde 30 mal gespielt
  • Das Durchschnittsergebnis liegt bei 6 aus 15

Antworten auf der Karte

Die Antworten werden auf der Karte rot bzw. grün angezeigt, abhängig davon wie oft sie richtig erraten wurden.
Laden ...
 

Antwortstatistiken

km2Insel% Korrekt
969Shetland
83%
523Mainland, Orkney
83%
1'656Skye
78%
2'179Lewis and Harris
48%
620Islay
48%
875Mull
35%
367Jura
35%
432Arran
30%
320South Uist
22%
303North Uist
22%
135Hoy
22%
122Bute
22%
105Rùm
22%
212Yell
17%
121Unst
17%

Verteilung der Resultate

Perzentil nach korrekt beantworteten Fragen

Anzahl Personen mit jedem Resultat

Ihre Resultats-Entwicklung

Sie haben dieses Quiz noch nicht gespielt